| 000 | 00386cam a2200145ua 4500 | ||
|---|---|---|---|
| 003 | OSt | ||
| 008 | 250602b |||||||| |||| 00| 0 eng d | ||
| 041 | _aeng | ||
| 082 |
_a624.171 _bKIN/IN |
||
| 100 |
_aKinney, Sterling J . _97517 |
||
| 245 | _aIndeterminate structural analysis / | ||
| 260 |
_aNew Delhi : _bOxford & IBH Publishing company , _c1957. |
||
| 300 | _a655 ; . | ||
| 942 | _cBK | ||
| 999 |
_c9231 _d9231 |
||